| 000 | 01037nam a2200325 a 4500 | ||
|---|---|---|---|
| 001 | 12825 | ||
| 003 | BD-JhCC | ||
| 005 | 20230517100045.0 | ||
| 008 | 230517s2004 nyu 000 1 eng d | ||
| 020 | _a075153322X | ||
| 035 | _a(BD-JhCC)12825 | ||
| 040 |
_aIG# _cIG# _dDLC _dBD-JhCC |
||
| 042 | _alccopycat | ||
| 043 | _an-us--- | ||
| 050 | 0 | 0 | _aCPB Box no. 2183 vol. 4 |
| 082 |
_a813.6 _bHEI 2004 |
||
| 100 | 1 | _aHeitman, Lynne. | |
| 245 | 1 | 0 |
_aFirst class killing / _cLynne Heitman. |
| 260 |
_aNew York : _bPocket Books, _cc2004. |
||
| 300 |
_a372 p. ; _c18 cm. |
||
| 490 | 0 | _aAlex Shanahan mystery | |
| 650 | 0 |
_aWomen private investigators _zUnited States _vFiction. |
|
| 650 | 0 |
_aAirlines _zUnited States _vFiction. |
|
| 650 | 0 |
_aProstitution _zUnited States _vFiction. |
|
| 655 | 7 |
_aMystery fiction. _2gsafd |
|
| 856 | 4 | 1 |
_3Sample text _uhttp://www.loc.gov/catdir/enhancements/fy0641/2004574302-s.html |
| 906 |
_a7 _bcbc _ccopycat _d2 _encip _f20 _gy-genrareb |
||
| 942 |
_2ddc _cBK |
||
| 999 |
_c12825 _d12825 |
||